000 00717nam a2200241Ia 4500
003 OSt
005 20221005085628.0
006 a|||||r|||| 00| 0
007 ta
008 221004b |||||||| |||| 00| 0 eng d
024 _a74548
037 _cTextual
040 _aCRL
_cCRL
_beng
041 _2eng
_aeng
082 _aO111973v, J5.1
100 _aWilson Edmund Ed.
245 0 _aShock of recognition
_b The development of literature in the United States recorded by the men who made it
260 _aNew York
_bGrosset & Dunlap USA
_c1955
300 _a658p
_ccm.
650 _aENGLISH LITERATURE
942 _hO111973v, J5.1
_cTEXL
_2cc
999 _c994550
_d994550